000 00630nam a2200217Ia 4500
003 0100
008 130303s9999 xx 000 0 und d
020 _a393957535
040 _cARRUPELIB
050 _aHM51.G4441991
100 _aGiddens, Anthony
245 _aIntroduction to sociology
260 _aNew York
260 _bW. W. Norton
260 _C1991
300 _axxi
300 _b 875 p.ill. 24cm
650 _bPolitical crimes and offenses--South Africa African national congress Political prisoners--South Africa--Biography East Indians--South Africa--Biography
700 _aAnthony Giddens
942 0 0 _09
999 _c14140
_d14140